Alle Lieder - Capital Bra - Statistiken

Allgemein
  • Dieses Quiz wurde 102 mal gespielt
  • Das Durchschnittsergebnis liegt bei 29 aus 209
Antwortstatistiken
Hint Antwort % Korrekt
Berlin lebt Berlin lebt
87%
Berlin lebt Neymar (feat. Ufo361)
81%
Berlin lebt 5 Songs in einer Nacht
71%
Berlin lebt 2 (mit Samra) Tilidin
64%
Allein Allein
53%
CB6 Benzema
53%
Berlin lebt One Night Stand
51%
CB6 Prinzessa
51%
BLYAT Nur noch Gucci
50%
Berlin lebt 2 (mit Samra) Zombie
46%
Berlin lebt 2 (mit Samra) 110 (feat. LEA)
42%
Berlin lebt 2 (mit Samra) Berlin lebt wie nie zuvor
38%
CB6 Rolex (feat. Summer Cem & KC Rebell)
38%
Berlin lebt 2 (mit Samra) Huracan
36%
CB7 Frühstück in Paris (feat. CRO)
35%
Berlin lebt Kennzeichen B-TK (feat. King Khalil)
33%
BLYAT Olé Olé (feat. RAF Camora & Joshi Mizu)
31%
CB6 Wir ticken (feat. Samra)
31%
CB6 Kalt
29%
Fickt euch alle EP Melodien (feat. Juju)
29%
CB7 Der Bratan bleibt der gleiche
28%
CB7 Nicht verdient (feat. Loredana)
28%
Berlin lebt 2 (mit Samra) Purple Rain (feat. SANTOS)
28%
Kuku Bra Vladimir Putin
28%
Berlin lebt 2 (mit Samra) Nummer 1
27%
Allein Roli Glitzer Glitzer (feat. Luciano & Eno)
27%
Berlin lebt Wann dann (feat. Capital T)
27%
BLYAT Zweistellige Haftstrafen (feat. King Khalil)
24%
Makarov Komplex Ala'ba'ba (feat. Ufo361)
22%
BLYAT | Kuku Bra | Makarov Komplex Intro
22%
BLYAT Intro - EP Version
22%
Berlin lebt 2 (mit Samra) Kalt Bruder
22%
Berlin lebt 2 (mit Samra) Lieber Gott
22%
CB6 Bye Bye (feat. Nimo)
21%
CB7 100k Cash (feat. Samra)
19%
BLYAT KUKU SLS (feat. GRiNGO)
19%
BLYAT Wer hoch fliegt fällt tief
19%
BLYAT Ghetto Massari
18%
Allein Ich liebe es (feat. XATAR & SAMY)
18%
CB7 Ich weiß nicht mal wie sie heißt (feat. Bozza)
18%
Berlin lebt 2 (mit Samra) Satellit
18%
CB6 Van der Vaart (feat. Nash)
18%
CB7 Andere Welt (feat. Clueso & KC Rebell)
17%
ANDERS (as Joker Bra) Baby (feat. VIZE)
17%
CB7 Einsam an der Spitze
17%
Makarov Komplex Es geht ums Geschäft
17%
Allein Fightclub (feat. Samra & AK AUSSERKONTROLLE)
17%
CB7 Komm Komm
17%
BLYAT Na Na Na (feat. Ufo361)
17%
ANDERS (as Joker Bra) Passt mir so gar nicht
17%
Berlin lebt 2 (mit Samra) Safe
17%
CB6 Schon ok
17%
CB6 Capital Bra je m'appelle
15%
CB6 Click Click (feat. Samra)
15%
Makarov Komplex Die Echten (feat. AK AUSSERKONTROLLE)
15%
Makarov Komplex Mama bitte wein nicht
15%
Deutschrap brandneu (mit Farid Bang) MOLOTOV (feat Kollegah)
15%
Berlin lebt 2 (mit Samra) Mr. Miyagi
15%
Berlin lebt 2 (mit Samra) Pam Pam Pam (feat. Kalazh44)
15%
Berlin lebt 2 (mit Samra) So alleine
15%
CB6 Sollte so sein
15%
CB6 Steh auf
15%
Kuku Bra Alles kaputt
14%
Deutschrap brandneu (mit Farid Bang) BERETTA (feat. SANNA)
14%
BLYAT BMW Alpina
14%
CB6 Cabriolet
14%
CB6 Für uns
14%
Deutschrap brandneu (mit Farid Bang) KARMA
14%
Berlin lebt Panzer, Tiger (feat. Farid Bang)
14%
Berlin lebt 2 (mit Samra) Tranquillo
14%
Makarov Komplex Albtraum
13%
CB6 Blech
13%
Kuku Bra Bra macht die Uzi
13%
Berlin lebt 2 (mit Samra) Colombiana
13%
Berlin lebt Gutes Herz (feat. KC Rebell)
13%
Berlin lebt Packen
13%
Allein Schüsse fallen (feat. Samra)
13%
CB7 Virus (feat. SDP)
13%
Makarov Komplex 300 Grad (feat. Kontra K & Joshi Mizu)
12%
Makarov Komplex Alle meine Jungs
12%
ANDERS (as Joker Bra) AMEX BLACK
12%
Berlin lebt Ballert
12%
BLYAT Bra macht die AK (feat. AK AUSSERKONTROLLE)
12%
Berlin lebt Darby (feat. AK AUSSERKONTROLLE)
12%
Berlin lebt 2 (mit Samra) Kriminal 2
12%
CB6 Leg
12%
Berlin lebt Meine Welt (feat. King Khalil)
12%
Kuku Bra Pic
12%
CB7 Wenn ich will (feat. Loredana)
12%
BLYAT Wie alles begann
12%
CB7 1A
10%
8 Aventador (feat. Jamule)
10%
Kuku Bra Fluchtwagen glänzen (feat. King Kalil)
10%
Berlin lebt Giselle Bünchen
10%
Berlin lebt Glaub mir
10%
8 Gott ist mein Zeuge
10%
BLYAT Mademoiselle
10%
BLYAT Mademoiselle - Remix (feat. Joshi Mizu)
10%
CB7 Makarov Komplex II
10%
Allein Maybach (feat. Bushido)
10%
Berlin lebt 2 (mit Samra) Milly 9
10%
CB7 Seitdem ich klein bin (feat. SANTOS)
10%
CB7 Zeit vergeht
10%
Allein Benz Diggi (feat. Samra)
9%
BLYAT Das Leben ist so (feat. Olexesh)
9%
8 Diamonds (feat. Luciano)
9%
8 Die Wahrheit ist kein Hit
9%
CB7 Eda Özil (feat. Kalazh44)
9%
CB7 Früher pleite heute Benz (feat. Nimo & Summer Cem)
9%
Allein Gucci Capi Tief
9%
Makarov Komplex Ich mach alles kaputt
9%
5 Songs in einer nacht Ja Bra 2
9%
CB7 Keine Helden (feat. Sido)
9%
Makarov Komplex Kuku187 (feat. LX)
9%
8 Mbappé (feat. Farid Bang & Kontra K)
9%
CB6 Mexican Mafia
9%
Makarov Komplex Nix zu reden
9%
CB7 Papas Passat
9%
BLYAT Richtung Para (feat. Sido)
9%
Allein Trikot von Turin
9%
Makarov Komplex Was 2 hol 10 (feat. Bonez MC & Haze)
9%
Kuku Bra Bruda (feat. Massiv & Kay Ay)
8%
5 Songs in einer nacht Dealer (feat. Joshi Mizu)
8%
Kuku Bra Du siehst
8%
CB7 Gestört aber geil (feat. Gestört aber GeiL)
8%
Allein Safari (feat. Zuna)
8%
8 Schach Matt (feat. Kool Savas)
8%
CB6 Schwarze Locken
8%
Makarov Komplex Zieh zieh zieh (feat. King Khalil)
8%
5 Songs in einer nacht Anders als die (feat. Bausa)
6%
Berlin lebt Baba Flow
6%
BLYAT Der Teufel trägt Gucci (feat. Kay Ay & King Khalil & Dudi)
6%
8 Die zwei kenn ich (feat. King Khalil)
6%
8 DSDS
6%
8 Ein Jahr (feat. Montez)
6%
Deutschrap brandneu (mit Farid Bang) GOAT (feat. Sun Diego)
6%
8 Hula Hoop
6%
Ibrakadabra - EP Ja Braaa
6%
ANDERS (as Joker Bra) Killa
6%
Kuku Bra Kuku Habibi (feat. King Khalil)
6%
8 Niemals Capis Cappy anfassen (feat. Kalazh44)
6%
BLYAT Paff Paff weiter 2 (feat. Gzuz)
6%
5 Songs in einer nacht Rolli von Pablo (feat. KAY AY)
6%
8 Sag mir wo du gerade bist (feat. Juju)
6%
JOKER EP (as Joker Bra) Schusswechsel (feat. Farid Bang)
6%
Allein Selbst verdient
6%
8 Steig ein (feat. Haftbefehl)
6%
CB7 Was hast du mit mir gemacht
6%
8 Wir sehen gut aus
6%
8 2 Gramm Liebe
5%
Deutschrap brandneu (mit Farid Bang) 3 MIOS
5%
Kuku Bra Akhis aus Kosovo
5%
8 Alisa
5%
8 Auf die Feinde (feat. RAF Camora)
5%
8 Benzos
5%
Deutschrap brandneu (mit Farid Bang) BIS ICH UMKIPPE
5%
8 Bitcoins (feat. Farid Bang)
5%
Kuku Bra Bra hinter dir
5%
Kuku Bra Braun, gelb, lila
5%
Kuku Bra Falsche Gesichter
5%
Makarov Komplex Geld machen (feat. King Khalil)
5%
8 G Wagon (feat. NGEE)
5%
8 Haie (feat. PA Sports)
5%
Deutschrap brandneu (mit Farid Bang) HALT DIE ZEIT AN
5%
CB7 High Five
5%
8 Hops (feat. NGEE)
5%
Ibrakadabra - EP In der Stellung von Balotelli
5%
Deutschrap brandneu (mit Farid Bang) JOKER BRA & BANE
5%
Allein Lass mal diese (feat. Olexesh)
5%
Deutschrap brandneu (mit Farid Bang) NIE ERWACHSEN WERDEN
5%
8 Quit (feat. MVNA & ART)
5%
Deutschrap brandneu (mit Farid Bang) VERFLUCHT
5%
Kuku Bra Wir sind stabil
5%
Kuku Bra Zu viel, zu wenig (feat. Olexesh)
5%
Oh Kolleg 32 Bars
4%
Fickt euch alle EP Alle mit (feat. Samra)
4%
Ibrakadabra - EP Blei auf die Stirn (feat. King Khalil)
4%
Ibrakadabra - EP Bratan ist OK
4%
JOKER EP (as Joker Bra) Easy (feat. VIZE)
4%
Ibrakadabra - EP Es geht um Capital
4%
8 Ich will nur Dich (feat. Ramo)
4%
Deutschrap brandneu (mit Farid Bang) KIPP KIPP
4%
BLYAT Komm Kolleg (feat. Dardan)
4%
Deutschrap brandneu (mit Farid Bang) REAL ST. GERMAIN
4%
Deutschrap brandneu (mit Farid Bang) RENN RENN (feat. Haftbefehl)
4%
JOKER EP (as Joker Bra) SKRRRR POW!
4%
Fickt euch alle EP Sonnenbank Flavour (feat. Samra)
4%
8 So wie Du
4%
ANDERS (as Joker Bra) Tick Tash
4%
JOKER EP (as Joker Bra) Trust me bro
4%
Kuku Bra Verrückte Leute
4%
Allein Ya Salam
4%
Deutschrap brandneu (mit Farid Bang) BLENDER
3%
JOKER EP (as Joker Bra) Cash (feat. Kalazh44)
3%
Deutschrap brandneu (mit Farid Bang) DAS BÖSE GEWINNT
3%
Oh Kolleg Feinde reden viel (feat. King Khalil)
3%
Oh Kolleg Lass uns (feat. Joshi Mizu)
3%
Oh Kolleg Paradox (feat. Prinz Pi)
3%
BLYAT Umsatzfixiert (feat. King Khalil)
3%
JOKER EP (as Joker Bra) Universal Party
3%
8 UNTER VERDACHT (feat. NGEE)
3%
5 Songs in einer nacht Was wollen die
3%
Fickt euch alle EP Money Gucci Bitches
1%
8 Nur ein Song (I Need Some Sleep)
1%
Oh Kolleg Roll noch einen (feat. King Khalil)
1%
Fickt euch alle EP Baller deine Gang weg (feat. Samra)
0%
Deutschrap brandneu (mit Farid Bang) BANGER & BASS (feat. NGEE)
0%
Keine übereinstimmenden Quizze gefunden
Verteilung der Resultate
Anzahl Personen mit jedem Resultat
Perzentil nach korrekt beantworteten Fragen
Ihre Resultats-Entwicklung
Sie haben dieses Quiz noch nicht gespielt